Models of Lamborghini - Statistics

General Stats
  • This quiz has been taken 138 times
  • The average score is 7 of 28
Answer Stats
Year(s) of Service Name % Correct
2011-Present Aventador
89%
2014 Huracan
69%
1990-01 Diablo
68%
2001-10 Murcielago
64%
1966-72 Miura
63%
1974-90 Countach
62%
2008-13 Reventon
44%
1986-93 Lm002
38%
2012 Sesto Elemento
38%
1981-88 Jalpa
37%
1964-66 350 GT
32%
1968-78 Espada
28%
1973-79 Urraco
26%
1968-69 Islero
19%
1970-76 Jarama
19%
2013 Egoista
17%
2014 Estoque
7%
1966-68 400 GT 2+2
6%
2011-present Aventador J
6%
2011-present Aventador Roadster
5%
1976-79 Silhoutte
4%
2014-present Estoque Roadster
2%
2014 Huracan Roadster
2%
2008-09 Murcielago Roadster
2%
1990-94 Diablo Roadster
1%
2010 Renvento Roadster
1%
2013 Venono
1%
2013 Venon Roadster
1%
No matching quizzes found
Score Distribution
Percent of People with Each Score
Percentile by Number Answered
Your Score History
You have not taken this quiz